000 00544nam a22001817a 4500
005 20251108172715.0
008 250721s2003 xx 000 0 ara d
082 1 4 _a741.019/جود
100 1 _aجودي، محمد حسين
_eمؤلف
245 1 0 _aالتخطيط أساس العمل الإبداعي /
264 1 _aعمان :
_bمركز الكتاب الأكاديمي،
_c2003.
300 _a110ص.
650 1 7 _aالرسم
650 1 7 _aرسم النباتات
650 1 7 _aالإبداعية
942 _2ddc
_cBK
999 _c86467
_d86467